[Event "Lugano op"]
[Site "Lugano"]
[Date "1989.??.??"]
[Round "8"]
[White "Polaczek, Richard"]
[Black "Van Mil, Johannes A J"]
[Result "1/2-1/2"]
[WhiteElo "2375"]
[BlackElo "2370"]

1.e4 c5 2.Nf3 e6 3.d4 cxd4 4.Nxd4 Nc6 5.Nc3 a6 6.Be2 Nge7 7.Nb3 Ng6 8.Be3 b5
9.a4 b4 10.Nb1 Be7 11.N1d2 d5 12.exd5 exd5 13.Nf3 O-O 14.O-O Bf6 15.Nbd4 Nce5
16.Nxe5 Bxe5 17.Qd2 Qd6 18.f4 Bf6 19.Rad1 Re8 20.f5 Ne7 21.Bd3 Nc6 22.Nxc6 Qxc6
23.b3 Bb7 24.Rf3 Bc3 25.Qf2 Qf6 26.Rf4 a5 27.Bd4 Bxd4 28.Qxd4 Qxd4+ 29.Rxd4 Kf8
30.Kf2 Ke7 31.Kg3 Kf6 32.Kf4 g5+ 33.fxg6 hxg6 34.h4 Re5 35.g4 Rae8 36.c3 bxc3
37.Rc1 Rc8 38.b4 Re6 39.bxa5 Rc5 40.Rb4 Bc8 41.g5+ Ke7 42.Rb5 Rc7 43.Rxd5 Ba6
44.Bb5 c2 45.Rd2 Bxb5 46.axb5 Rc5 47.Rdxc2 Rf5+ 48.Kg3 Re3+ 49.Kg2 Rxb5 50.Ra2 Rbb3
51.a6 Rg3+ 52.Kf2 Rgf3+ 53.Ke2 Rh3 54.Rf1 Rbe3+ 55.Kd2 Ra3 56.Rxa3 Rxa3 57.Rf6 Rh3
58.Rb6 Rxh4 59.Kc3 Rg4 60.Rb7+ Ke6 61.Rb6+ Ke7 62.a7 Ra4 63.Rb7+ Ke6 64.Kb3 Ra1
65.Kb4 f5 66.Kb5 Ke5 67.Rc7 Rb1+ 68.Kc6 Rc1+ 69.Kb7 Rb1+ 70.Kc8 Ra1 71.Kb8 Kf4
72.a8=Q Rxa8+ 73.Kxa8 Kxg5 74.Kb7 Kf4 75.Kc6 g5 76.Kd5 g4 77.Rg7  1/2-1/2

[Event "Lugano op"]
[Site "Lugano"]
[Date "1989.??.??"]
[Round "9"]
[White "Sibarevic, Milenko"]
[Black "Simon, Ralf Axel"]
[Result "0-1"]
[WhiteElo "2365"]
[BlackElo "2320"]

1.e4 c5 2.Nf3 e6 3.d4 cxd4 4.Nxd4 Nc6 5.Nc3 a6 6.Be2 Qb6 7.Nb3 Nf6 8.O-O Qc7
9.f4 d6 10.Bf3 Nd7 11.Qe2 Be7 12.a4 b6 13.Kh1 O-O 14.e5 dxe5 15.fxe5 Bb7
16.Bf4 Rad8 17.Rae1 Nc5 18.Nxc5 Bxc5 19.Be4 Ne7 20.Qh5 Ng6 21.Rf3 Bxe4 22.Nxe4 Nxf4
23.Nf6+ gxf6 24.Rg3+ Kh8 25.Qh6 Nh5 26.Qxh5 fxe5 27.Rxe5 Rd1+ 28.Qxd1 Qxe5
29.c3 Rg8 30.Rh3 Qd5 31.Qc2 f5 32.Rf3 Rd8 33.Rf1 Qd3 34.Qc1 Qd2 35.Qa1 Rg8
36.Rg1 Bxg1 37.Qxg1 e5 38.h3 e4  0-1

[Event "Luzern"]
[Site "Luzern"]
[Date "1989.??.??"]
[Round "?"]
[White "Nijboer, Friso"]
[Black "Cebalo, Miso"]
[Result "1/2-1/2"]
[WhiteElo "2475"]
[BlackElo "2485"]

1.e4 c5 2.Nf3 e6 3.d4 cxd4 4.Nxd4 Nc6 5.Nc3 d6 6.Be3 Nf6 7.Bc4 Be7 8.Qe2 a6
9.Bb3 Qc7 10.O-O-O O-O 11.Rhg1 Nd7 12.g4 Nc5 13.Nf5 Nxb3+ 14.axb3 b5 15.Nxe7+ Nxe7
16.Qd3 d5 17.exd5 Nxd5 18.Nxd5 exd5 19.f4 Bb7 20.Rg3 Qe7 21.Bd4 Rfe8 22.f5  1/2-1/2

[Event "Mendrisio op"]
[Site "Mendrisio"]
[Date "1989.??.??"]
[Round "6"]
[White "Micalizzi, Giovanni"]
[Black "Vaisser, Anatoli"]
[Result "0-1"]
[WhiteElo "2270"]
[BlackElo "2555"]

1.e4 c5 2.Nf3 Nc6 3.Nc3 e6 4.d4 cxd4 5.Nxd4 Nf6 6.Ndb5 d6 7.Bf4 e5 8.Bg5 a6
9.Na3 b5 10.Bxf6 gxf6 11.Nd5 Bg7 12.Bd3 Ne7 13.c4 Nxd5 14.cxd5 f5 15.f3 O-O
16.O-O f4 17.Nc2 Kh8 18.Kh1 Rg8 19.a4 bxa4 20.Rxa4 Bf6 21.Qe2 Bh4 22.Rfa1 Qb6
23.b4 Ra7 24.Bxa6 Bd7 25.b5 Rg6 26.Na3 Ra8 27.Nc4 Qc5 28.Ra5 Rag8 29.b6 Qd4
30.Rd1 Rxg2 31.Qf1 Rf2 32.Nxd6 Rxf1+ 33.Rxf1  0-1

[Event "Wuerttemberg-ch"]
[Site "Moeglingen"]
[Date "1989.??.??"]
[Round "4"]
[White "Namyslo, Holger"]
[Black "Effert, Kai"]
[Result "1/2-1/2"]
[WhiteElo "2235"]
[BlackElo "2325"]

1.e4 c5 2.Nf3 e6 3.d4 cxd4 4.Nxd4 Nc6 5.Nc3 Qc7 6.Be2 a6 7.O-O Nf6 8.Be3 Bb4
9.Na4 b5 10.Nxc6 dxc6 11.Nb6 Rb8 12.Nxc8 Rxc8 13.Bd3 Bd6 14.f4 e5 15.f5 c5
16.c4 Rb8 17.Bg5 Be7 18.Qe2 Qc6 19.cxb5 axb5 20.Bc2 O-O 21.Rfd1 c4 22.Kh1 Rfd8
23.Rxd8+ Rxd8 24.Rd1 Rd4 25.h3 h6 26.Bxf6 Bxf6 27.g3 Qa6 28.a3 Qc6 29.Kg2 Be7
30.h4 Qc5 31.Qe1 Qb6 32.Kh3 b4 33.axb4 Bxb4 34.Qe2 Qc6 35.Bb1  1/2-1/2

[Event "Wuerttemberg-ch"]
[Site "Moeglingen"]
[Date "1989.??.??"]
[Round "5"]
[White "Bauer, Peter"]
[Black "Werner, Marc"]
[Result "1-0"]
[WhiteElo "2285"]
[BlackElo "2360"]

1.e4 c5 2.Nf3 e6 3.d4 cxd4 4.Nxd4 Nc6 5.Nc3 Qc7 6.g3 a6 7.Bg2 d6 8.O-O Bd7
9.Bg5 h6 10.Be3 Nf6 11.h3 Be7 12.Qe1 O-O 13.Rd1 b5 14.a3 Rac8 15.f4 Rfe8
16.g4 Nxd4 17.Bxd4 e5 18.Be3 Bc6 19.g5 hxg5 20.fxg5 Nh7 21.Qg3 Nf8 22.h4 a5
23.Rf2 b4 24.axb4 axb4 25.Nd5 Bxd5 26.exd5 Bd8 27.Rdf1 Re7 28.h5 g6 29.hxg6 Nxg6
30.Be4 Kg7 31.Bxg6 fxg6 32.Qh4  1-0

[Event "Montone"]
[Site "Montone"]
[Date "1989.??.??"]
[Round "?"]
[White "Coppini, Giorgio"]
[Black "Drei, Andrea"]
[Result "1/2-1/2"]
[WhiteElo "2255"]
[BlackElo "2245"]

1.e4 c5 2.Nf3 e6 3.d4 cxd4 4.Nxd4 Nc6 5.Nc3 Qc7 6.Be2 a6 7.Be3 b5 8.Nxc6 Qxc6
9.Bf3 Bb7 10.O-O Rc8 11.Re1 d6 12.a3 Qc7 13.Qd2 Nf6 14.Bf4 e5 15.Bg5 Be7
16.Rad1 Rd8 17.Re3 O-O 18.Rd3 Ne8 19.Bxe7 Qxe7 20.Nd5 Bxd5 21.Rxd5  1/2-1/2

[Event "Montpellier-B"]
[Site "Montpellier"]
[Date "1989.??.??"]
[Round "?"]
[White "Rigo, Janos"]
[Black "Paunovic, Dragan"]
[Result "1/2-1/2"]
[WhiteElo "2390"]
[BlackElo "2455"]

1.e4 c5 2.Nf3 Nc6 3.d4 cxd4 4.Nxd4 e6 5.Nc3 Qc7 6.Be3 a6 7.Be2 Nf6 8.a4 d6
9.O-O Be7 10.f4 O-O 11.Kh1 Rd8 12.Qe1 Nxd4 13.Bxd4 e5 14.Be3 exf4 15.Rxf4 Be6  1/2-1/2

[Event "Munich"]
[Site "Munich"]
[Date "1989.??.??"]
[Round "?"]
[White "Zueger, Beat"]
[Black "Bischoff, Klaus"]
[Result "1/2-1/2"]
[WhiteElo "2445"]
[BlackElo "2505"]

1.d4 e6 2.Nf3 c5 3.e4 cxd4 4.Nxd4 Nc6 5.Nc3 Qc7 6.g3 a6 7.Bg2 d6 8.O-O Bd7
9.Re1 Be7 10.Nxc6 Bxc6 11.a4 Nf6 12.a5 O-O 13.Be3 Nd7  1/2-1/2

[Event "New York Manhattan"]
[Site "New York"]
[Date "1989.??.??"]
[Round "?"]
[White "Brooks, Michael A"]
[Black "Stone, Raymond"]
[Result "1-0"]
[WhiteElo "2385"]
[BlackElo "2345"]

1.e4 c5 2.Nf3 Nc6 3.d4 cxd4 4.Nxd4 e6 5.Nc3 Qc7 6.Be2 a6 7.O-O Nf6 8.Kh1 d6
9.f4 Be7 10.a4 O-O 11.Be3 Rd8 12.Qe1 Nxd4 13.Bxd4 e5 14.Bg1 exf4 15.a5 Re8
16.Bb6 Qb8 17.Qd2 Be6 18.Qxf4 Nd7 19.Bd4 Ne5 20.Nd5 Bxd5 21.exd5 Bf6 22.Qg3 Qd8
23.Bd3 Qe7 24.Bf5 g6 25.Bd3 Bg7 26.Rae1 Qc7 27.Bb6 Qd7 28.Be2 Rac8 29.Qb3 Re7
30.c4 Qe8 31.Bf2 Nd7 32.Qc2 Nc5 33.Bf3 Be5 34.b4 Qa4 35.Qb1  1-0

[Event "New York Manhattan"]
[Site "New York"]
[Date "1989.??.??"]
[Round "?"]
[White "Young, Ronald"]
[Black "Stone, Raymond"]
[Result "0-1"]
[WhiteElo "2285"]
[BlackElo "2345"]

1.e4 c5 2.Nf3 Nc6 3.d4 cxd4 4.Nxd4 e6 5.Nc3 Qc7 6.g3 d6 7.Bg2 a6 8.O-O Bd7
9.Nxc6 Bxc6 10.Qe2 Be7 11.a4 Nf6 12.Bf4 O-O 13.Rfd1 b6 14.Rd2 Rfc8 15.Rad1 Ne8
16.e5 Bxg2 17.exd6 Bxd6 18.Bxd6 Qb7 19.Qe5 Bh1 20.f4 Bf3 21.Re1 Rd8 22.Re3 Rd7
23.f5 Bg4 24.fxe6 Bxe6 25.Ne4 h6 26.Red3 Rad8 27.b3 Bh3 28.Ba3 Rxd3 29.Rxd3 Qa8
30.Rxd8 Qxd8 31.Nd6 Nf6 32.Bb2 Qd7 33.Qd4 Qc6 34.Qd2 Qf3  0-1

[Event "New York op"]
[Site "New York"]
[Date "1989.??.??"]
[Round "7"]
[White "Arnason, Jon L"]
[Black "Zapata, Alonso"]
[Result "0-1"]
[WhiteElo "2550"]
[BlackElo "2490"]

1.e4 c5 2.Nf3 e6 3.d4 cxd4 4.Nxd4 Nc6 5.Nc3 a6 6.g3 Nge7 7.Bg2 Nxd4 8.Qxd4 Nc6
9.Qe3 Qc7 10.O-O Be7 11.b3 O-O 12.Bb2 d6 13.Ne2 b5 14.Qc3 e5 15.Qd2 Be6 16.Rac1 Rac8
17.Nc3 Qa7 18.Nd5 Bxd5 19.exd5 Nb8 20.Kh1 f5 21.f4 e4 22.g4 Nd7 23.gxf5 Bf6
24.Bxf6 Nxf6 25.Rfe1 Rfe8 26.c4 bxc4 27.bxc4 e3 28.Qe2 Qd4 29.c5 Rxc5 30.Rxc5 Qxc5
31.Bf3 Qb4 32.Kg2 Qxf4 33.Qxa6 Ng4 34.Qe2 Qxh2+ 35.Kf1 Qf4 36.Kg2 Nf6 37.Qd3 Re5
38.a4 Ng4 39.Qe2 Qh2+ 40.Kf1 Rxf5 41.Qxh2 Nxh2+ 42.Ke2 Nxf3 43.Rd1 Nd2 44.Kxe3 Nc4+
45.Ke4 Re5+ 46.Kf3 Re3+  0-1

[Event "Novi Sad op"]
[Site "Novi Sad"]
[Date "1989.??.??"]
[Round "7"]
[White "Pikula, Dejan"]
[Black "Zakharov, Alexander V"]
[Result "1-0"]
[WhiteElo "2260"]
[BlackElo "2390"]

1.e4 c5 2.Nf3 e6 3.d4 cxd4 4.Nxd4 Nc6 5.Nc3 d6 6.Bc4 Nf6 7.Be3 Be7 8.Bb3 O-O
9.Qe2 Bd7 10.O-O-O Nxd4 11.Rxd4 Qa5 12.Rhd1 Rfc8 13.g4 Bc6 14.g5 Ne8 15.f4 g6
16.f5 gxf5 17.exf5 Qxf5 18.Rf1 Qe5 19.Rdf4 Ng7 20.Rxf7 Rf8 21.Qf2 d5 22.Kb1 Nf5
23.Bf4 Qh8 24.Rxf8+ Rxf8 25.Qe1 Nd4 26.Bxd5 Qg7 27.Bxc6 bxc6 28.Ne4 Qg6 29.Rf2 e5
30.Bxe5 Nf3 31.Nf6+ Rxf6 32.gxf6 Nxe1 33.fxe7 Nf3 34.Rg2 Kf7 35.Rxg6 hxg6
36.Bd6 a6 37.Kc1 Nd4 38.Kd2 Nf5 39.Bc5 Nh4 40.Ke3  1-0

[Event "Kotov mem"]
[Site "Odessa"]
[Date "1989.??.??"]
[Round "?"]
[White "Dobrovolsky, Ladislav"]
[Black "Krasenkow, Michal"]
[Result "1/2-1/2"]
[WhiteElo "2415"]
[BlackElo "2530"]

1.e4 c5 2.Nf3 Nc6 3.Nc3 e6 4.d4 cxd4 5.Nxd4 Nf6 6.Nxc6 bxc6 7.e5 Nd5 8.Ne4 Qc7
9.f4 Qb6 10.c4 Bb4+ 11.Ke2 f5 12.exf6 Nxf6 13.Be3 Qa5 14.Nxf6+ gxf6 15.Kf2 Ke7
16.a3 Bc5 17.b4 Bxe3+ 18.Kxe3 Qc7 19.c5 a5 20.Bc4 Ba6 21.Bxa6 Rxa6 22.Qd3 Qa7
23.Qd6+ Kf7 24.Rad1 Rd8 25.Rd2 axb4 26.axb4 Ra2 27.Rhd1 Rxd2 28.Rxd2 Qa3+
29.Qd3 Qxd3+ 30.Rxd3 Ke7 31.Ke4 Rb8 32.Rb3 h5 33.g3 Ra8 34.h3 Ra2 35.Kf3 Rh2
36.h4 Ra2 37.Ke4 Ra1 38.Kf3 Re1 39.Kf2 Re4 40.Kf3 Rd4 41.Ke3 e5 42.b5 cxb5
43.Rxb5 Ke6 44.Rb6+ Kf5  1/2-1/2

[Event "Olomouc"]
[Site "Olomouc"]
[Date "1989.??.??"]
[Round "?"]
[White "Krason, Jozef"]
[Black "Beil, Zdenek"]
[Result "0-1"]
[WhiteElo "2370"]
[BlackElo "2375"]

1.e4 c5 2.Nf3 e6 3.d4 cxd4 4.Nxd4 Nc6 5.Nc3 a6 6.Bf4 d6 7.Nf3 Be7 8.Qd2 Qc7
9.O-O-O Ne5 10.Qd4 f6 11.Bg3 Nh6 12.Nd2 b5 13.Nb3 Nhf7 14.f4 Nc6 15.Qe3 O-O
16.Bd3 Rb8 17.Kb1 Re8 18.f5 Nfe5 19.fxe6 Bxe6 20.Nd5 Qb7 21.h3 Bf8 22.Rhe1 a5
23.Nd4 Nxd4 24.Qxd4 Rec8 25.Bf4 b4 26.Re3 Rc5 27.Rg3 Kh8 28.Qf2 Bxd5 29.exd5 Rxd5
30.Bxe5 Rxe5 31.Rg4 Qf7 32.Rf1 Rbe8 33.b3 Qe7 34.a3 g6 35.axb4 f5 36.Rf4 axb4
37.Rxb4 Bg7 38.Ka2 Ra5+ 39.Ra4 Qe5 40.Rb1 Rea8 41.Ka3 Qc3 42.Bb5 Bd4 43.Qf4 Qc5+  0-1

[Event "Thaelmann mem"]
[Site "Ost-Berlin"]
[Date "1989.??.??"]
[Round "?"]
[White "Vogt, Lothar"]
[Black "Chekhov, Valery A"]
[Result "1/2-1/2"]
[WhiteElo "2505"]
[BlackElo "2480"]

1.e4 c5 2.Nf3 e6 3.Nc3 Nc6 4.d4 cxd4 5.Nxd4 Nf6 6.Ndb5 d6 7.Bf4 e5 8.Bg5 a6
9.Na3 b5 10.Bxf6 gxf6 11.Nd5 f5 12.exf5 Bxf5 13.c3 Bg7 14.Nc2 Ne7 15.Nce3 Be6
16.g3 Nxd5 17.Nxd5 O-O 18.Bg2 a5 19.O-O Rb8 20.Qe2 f5 21.Rfd1 Qd7 22.b4 e4
23.Rac1 Bh6 24.Rc2 Qf7 25.Nf4 Bxf4 26.gxf4 Bc4 27.Qe3 d5 28.bxa5 Ra8 29.Kh1 Rxa5
30.Bf1 Ra6 31.Bxc4 bxc4 32.Qd4 Rd8 33.Rg1+ Rg6 34.Rcc1 Qg7 35.Qc5 Qf8 36.Qe3 Qf6
37.Rcd1 Rd7 38.a4 Rdg7 39.Rg3 Rxg3 40.hxg3 Qc6 41.Ra1 d4 42.cxd4 c3 43.d5 Qxd5
44.Qxc3 e3+ 45.Kg1 exf2+ 46.Kxf2 h5 47.Rb1 Kh7 48.Rb5 Qa2+ 49.Qb2 Qxa4 50.Rxf5 Qa7+
51.Kg2 Qa8+ 52.Kh2 Qf3 53.Qg2 Qxg2+ 54.Kxg2 Kh6 55.Rf6+ Kh7 56.Kf3 Rg4 57.Re6 Kg7
58.Re3 Kh6 59.Re6+ Kh7 60.Rd6 Rg7 61.Re6 Rg8 62.Rd6 Rg7 63.Rd3 Rg4 64.Ke4 h4
65.gxh4 Rxh4 66.Ke5 Kg7 67.f5 Rh6 68.Rd7+ Kf8 69.Rd6 Rxd6 70.Kxd6 Kf7 71.f6  1/2-1/2

[Event "Ostend op"]
[Site "Ostend"]
[Date "1989.??.??"]
[Round "7"]
[White "Adams, Mark"]
[Black "Ninov, Kiril"]
[Result "1-0"]
[WhiteElo "2505"]
[BlackElo "2460"]

1.e4 c5 2.Nf3 e6 3.d4 cxd4 4.Nxd4 Nc6 5.Nc3 Qc7 6.f4 a6 7.Nf3 b5 8.Bd3 Bb7
9.O-O Bc5+ 10.Kh1 d6 11.a3 Nge7 12.b4 Bb6 13.Bb2 f6 14.Bxb5 axb5 15.Nxb5 Qd7
16.Nxd6+ Kf8 17.c4 Nc8 18.Nxb7 Qxb7 19.e5 f5 20.Ng5 Qe7 21.Qf3 N8a7 22.b5 h6
23.Nh3 Kf7 24.bxc6 Rac8 25.Rad1 Rxc6 26.Rd6 Rhc8 27.Rfd1 Kg8 28.Nf2 Bxf2
29.Qxf2 R8c7 30.Rxc6 Nxc6 31.Qb6 Rd7 32.Rg1 Nd8 33.Bc1 Rd3 34.a4 Kh7 35.a5 Rc3
36.a6 Rxc4 37.a7 Ra4 38.Be3 Qd7 39.Qb3 Nb7 40.Rc1 Ra6 41.Bg1 Na5 42.Qb8 Nc6
43.a8=Q Nxb8 44.Qxb8 Ra2 45.Qd6 Qa4 46.Qxe6  1-0

[Event "GMA Baleares Open"]
[Site "Palma de Mallorca"]
[Date "1989.??.??"]
[Round "3"]
[White "Van der Wiel, John TH"]
[Black "Zapata, Alonso"]
[Result "1-0"]
[WhiteElo "2545"]
[BlackElo "2490"]

1.e4 c5 2.Nf3 e6 3.d4 cxd4 4.Nxd4 Nc6 5.Nc3 a6 6.Nxc6 bxc6 7.Bd3 d6 8.O-O Nf6
9.f4 e5 10.Kh1 Be7 11.fxe5 dxe5 12.Be3 O-O 13.Na4 Rb8 14.Qe1 Qc7 15.b3 c5
16.Bg5 Bb7 17.Qh4 Qc6 18.Nc3 h6 19.Bxf6 Bxf6 20.Qf2 Rbd8 21.Nd5 Rd6 22.Qg3 Re8
23.Bc4 Kh8 24.Nxf6 Rxf6 25.Bd5 Qc7 26.Rxf6 Bxd5 27.Rxh6+ gxh6 28.exd5 Qd6
29.c4 f5 30.Re1 Kh7 31.Qf3 Rf8 32.g4 fxg4 33.Qe4+ Qg6 34.Qxg6+ Kxg6 35.Rxe5 Rf2
36.d6 Rd2 37.Rd5 Rxd5 38.cxd5 Kf7 39.Kg2 Ke8 40.Kg3 Kd7 41.Kxg4 Kxd6 42.Kh5 Kxd5
43.Kxh6  1-0

[Event "GMA Baleares Open"]
[Site "Palma de Mallorca"]
[Date "1989.??.??"]
[Round "5"]
[White "Nikolic, Stanimir"]
[Black "Zatulovskaya, Tatiana"]
[Result "*"]
[WhiteElo "2320"]
[BlackElo "2120"]

1.e4 c5 2.Nc3 Nc6 3.Nf3 e6 4.d4 cxd4 5.Nxd4 d6 6.g3 Nf6 7.Bg2 Be7 8.O-O O-O
9.h3 Bd7 10.Ndb5 Qb8 11.Bf4 Ne5 12.Bg5 a6 13.Bxf6 Bxf6 14.Nxd6 Rd8 15.f4 Be8
16.Nxe8 Qa7+ 17.Kh2 Rxd1 18.Nxf6+ gxf6 19.Nxd1 Nc4 20.Rf3 Rd8 21.b3 Na3 22.Ne3 Rd2
23.e5 f5 24.Re1 Qd4 25.g4 Nxc2 26.Nxc2 Rxc2 27.gxf5 exf5 28.a4 Kf8 29.Ref1 Ke7
30.Kg3 h5 31.h4 Kd8 32.Kh3 a5 33.Kh2 Rd2  *

[Event "GMA Baleares Open"]
[Site "Palma de Mallorca"]
[Date "1989.??.??"]
[Round "5"]
[White "Veroci, Zsuzsa"]
[Black "Zapata, Alonso"]
[Result "1/2-1/2"]
[WhiteElo "2340"]
[BlackElo "2490"]

1.e4 c5 2.Nf3 e6 3.d4 cxd4 4.Nxd4 Nc6 5.Nc3 Qc7 6.g3 a6 7.Bg2 d6 8.O-O Bd7
9.Re1 Be7 10.Nxc6 Bxc6 11.Qg4 h5 12.Qe2 Rc8 13.a4 h4 14.Bd2 hxg3 15.hxg3 Kf8
16.Rad1 Nf6 17.b3 Be8 18.Rc1 Qc5 19.Nd1 b5 20.axb5 axb5 21.Nb2 Nd7 22.Nd3 Qb6
23.Be3 Qb8 24.c4 bxc4 25.bxc4 Qb3 26.Qd1 Qxd1 27.Rexd1 Rh5 28.Rd2 Ra5 29.Rdc2 g6
30.Bd4 Ra3 31.Rc3 Rxc3 32.Rxc3 Bf6 33.Bxf6 Nxf6 34.e5 dxe5 35.Nxe5 Nd7 36.Nxd7+ Bxd7
37.c5 Ke7 38.f4 Rb8 39.c6 Rc8 40.Kf2 Be8 41.Ke3 Kd6 42.Rd3+ Kc7 43.Rc3 Rd8
44.Bf3 f5 45.Ra3 Bxc6 46.Ra7+ Kd6  1/2-1/2

[Event "Pancevo"]
[Site "Pancevo"]
[Date "1989.??.??"]
[Round "2"]
[White "Todorovic, Goran M"]
[Black "Paunovic, Dragan"]
[Result "1-0"]
[WhiteElo "2445"]
[BlackElo "2460"]

1.e4 c5 2.Nf3 Nc6 3.d4 cxd4 4.Nxd4 e6 5.Nc3 Qc7 6.Be2 a6 7.Be3 Nf6 8.O-O Be7
9.f4 d6 10.Nxc6 bxc6 11.Bd3 O-O 12.Qf3 e5 13.f5 Rb8 14.g4 h6 15.h4 Nh7 16.g5 hxg5
17.hxg5 Bxg5 18.Bxg5 Nxg5 19.Qh5 Nh7 20.Kf2 Nf6 21.Qg5 Nh7 22.Qh5 Nf6 23.Qh4 Re8
24.Rg1 Kf8 25.Rxg7 Kxg7 26.Rg1+ Kf8 27.Qxf6 Bb7 28.Na4 Ra8 29.Bc4 d5 30.Rh1  1-0

[Event "Pancevo"]
[Site "Pancevo"]
[Date "1989.??.??"]
[Round "4"]
[White "Todorovic, Goran M"]
[Black "Orlov, Konstantin"]
[Result "1-0"]
[WhiteElo "2445"]
[BlackElo "2270"]

1.e4 c5 2.Nf3 Nc6 3.d4 cxd4 4.Nxd4 e6 5.Nc3 Qc7 6.Be3 a6 7.Be2 Nf6 8.O-O d6
9.f4 Be7 10.Qe1 Nxd4 11.Bxd4 e5 12.fxe5 dxe5 13.Qg3 Bc5 14.Bxc5 Qxc5+ 15.Kh1 Kf8
16.Nd5 Be6 17.Nxf6 gxf6 18.Qh4 Rg8 19.Rxf6 Qxc2 20.Rxe6 Qxe2 21.Qe7+ Kg7
22.Qf6+ Kf8 23.Qe7+ Kg7 24.Rxe5 Rac8 25.Rf5 Kh8 26.Qf6+ Rg7 27.Rg5 Rg8 28.Rc1 Qd2
29.Qxg7+ Rxg7 30.Rc8+ Rg8 31.Rgxg8+  1-0

[Event "Pancevo"]
[Site "Pancevo"]
[Date "1989.??.??"]
[Round "10"]
[White "Andrijevic, Milan"]
[Black "Orlov, Konstantin"]
[Result "1/2-1/2"]
[WhiteElo "2410"]
[BlackElo "2270"]

1.e4 c5 2.Nf3 Nc6 3.d4 cxd4 4.Nxd4 e6 5.Nc3 Qc7 6.Be2 a6 7.O-O Nf6 8.Kh1 d6
9.f4 Bd7 10.Be3 Nxd4 11.Qxd4 e5 12.Qd3 Be7 13.Nd5 Nxd5 14.exd5 Bf6 15.f5 O-O
16.c4 b5 17.Qe4 bxc4 18.Bxc4 Rfc8 19.b3 Qd8 20.a4 Bg5 21.Bg1 Bd2 22.f6 g6
23.Qh4 a5 24.Ra2 Bb4 25.Bb5 Bxb5 26.axb5 Bc5 27.b6 Rcb8 28.Bxc5 dxc5 29.Re2 Rxb6
30.Rxe5 Raa6 31.Qe1 Kf8 32.Qc1 Rxf6 33.Qxc5+ Qd6 34.Qc8+ Kg7 35.Rxf6 Qxf6
36.Re1 Qf2 37.Qc3+ Qf6 38.Qd3 Rb6 39.Rd1 Rd6 40.h3 Qf4 41.Rf1 Rxd5 42.Rxf4 Rxd3
43.Ra4 Rxb3 44.Rxa5 Kf6 45.Kh2 g5 46.h4 h6 47.Ra6+ Kg7 48.hxg5 hxg5 49.g4 Re3
50.Kg2 Re6 51.Ra3 Kf6 52.Ra5 Re5 53.Ra6+ Kg7 54.Kg3 Re3+ 55.Kg2 Re7 56.Kg3 f6
57.Rb6 Kf7 58.Rb3 Ke6 59.Re3+ Kd6 60.Ra3 Rc7 61.Kf3 Rc5 62.Rb3 Rc4 63.Rd3+ Ke5
64.Re3+ Kd5 65.Re8 Rc3+ 66.Kf2 Rc2+  1/2-1/2

[Event "Pancevo"]
[Site "Pancevo"]
[Date "1989.??.??"]
[Round "11"]
[White "Todorovic, Goran M"]
[Black "Karpman, Vadim"]
[Result "1-0"]
[WhiteElo "2445"]
[BlackElo "2480"]

1.e4 c5 2.Nf3 Nc6 3.Nc3 e6 4.d4 cxd4 5.Nxd4 d6 6.Be3 Nf6 7.Bc4 d5 8.Bb5 Bd7
9.exd5 exd5 10.O-O Bb4 11.Bg5 Bxc3 12.bxc3 O-O 13.Bd3 h6 14.Nxc6 Bxc6 15.Be3 Ne4
16.Bd4 Ng5 17.Re1 Ne6 18.Qf3 Nxd4 19.cxd4 Qd6 20.Qf5 g6 21.Qe5 Qxe5 22.Rxe5 Rfe8
23.Rae1 Kf8 24.Kf1 Rac8 25.Rxe8+ Bxe8 26.Re5 Ba4 27.Rxd5 Bxc2 28.Ke2 Ke7
29.Rc5 Bxd3+ 30.Kxd3 Kd7 31.Rb5 b6 32.Rb1 Rc6 33.a4 Rf6 34.f3 Rf5 35.Rb5 Kc6
36.Kc4 a6 37.Rb2 Ra5 38.Kb4 Rd5 39.Kc4 Rd8 40.h3 Re8 41.d5+ Kb7 42.a5 Rc8+
43.Kd4 b5 44.Ke5 Kc7 45.Kf6 Kd6 46.Kxf7 Kxd5 47.Kxg6 Rc6+ 48.Kg7 Ke5 49.h4 h5
50.g4 Kf4 51.g5 Kxf3 52.g6 Rc4 53.Kh7 Rxh4 54.g7 Rg4 55.g8=Q Rxg8 56.Kxg8 h4
57.Rxb5  1-0

[Event "Pancevo"]
[Site "Pancevo"]
[Date "1989.??.??"]
[Round "13"]
[White "Kovacevic, Predrag"]
[Black "Paunovic, Dragan"]
[Result "1/2-1/2"]
[WhiteElo "2405"]
[BlackElo "2460"]

1.e4 c5 2.Nc3 Nc6 3.Nf3 e6 4.d4 cxd4 5.Nxd4 Qc7 6.f4 a6 7.Be2 b5 8.Nxc6 Qxc6
9.Bf3 Bb7 10.Be3 Rc8 11.a3 b4 12.axb4 Bxb4 13.O-O Bxc3 14.bxc3 Nf6 15.e5 Nd5
16.Bxd5 Qxd5 17.Qxd5 Bxd5 18.Rfb1 O-O 19.Bd4 Bc4 20.Kf2 Bb5 21.g4 f6 22.Ra3 Rf7
23.h4 d6 24.exd6 Rd7 25.g5 fxg5 26.hxg5 Rxd6 27.Ke3 Rd5  1/2-1/2

[Event "Paris op-1"]
[Site "Paris"]
[Date "1989.??.??"]
[Round "?"]
[White "Petrovic, Petar"]
[Black "Lamoureux, Serge"]
[Result "1-0"]
[WhiteElo "2235"]
[BlackElo "2040"]

1.e4 c5 2.Nf3 Nc6 3.d4 cxd4 4.Nxd4 e6 5.Nc3 a6 6.a3 Qc7 7.Be2 d6 8.O-O Nge7
9.Ndb5 axb5 10.Nxb5 Qd8 11.Nxd6+  1-0

[Event "Paris op-1"]
[Site "Paris"]
[Date "1989.??.??"]
[Round "?"]
[White "Hebden, Mark"]
[Black "Arino, Franck"]
[Result "1-0"]
[WhiteElo "2470"]
[BlackElo "2030"]

1.e4 c5 2.Nc3 e6 3.Nf3 Nc6 4.d4 cxd4 5.Nxd4 Qc7 6.f4 d6 7.Nf3 a6 8.Bd3 Nf6
9.O-O Be7 10.a4 b6 11.Qe1 Nd7 12.b4 Bf6 13.Bb2 Bb7 14.Kh1 Rc8 15.b5 Na7 16.e5 dxe5
17.fxe5 Nxe5 18.Nd5 Bxd5 19.Nxe5 Bxe5 20.Bxe5 Qd7 21.Rd1 axb5 22.Be4 Rc5
23.Qg3 f6 24.Bd6 Kf7 25.Bxc5 bxc5 26.Qh3 Rd8 27.Qxh7  1-0

[Event "Paris AECE"]
[Site "Paris"]
[Date "1989.??.??"]
[Round "2"]
[White "Bolzoni, Victor Angel"]
[Black "Pira, Davoud"]
[Result "0-1"]
[WhiteElo "2270"]
[BlackElo "2355"]

1.e4 c5 2.Nf3 e6 3.d4 cxd4 4.Nxd4 Nc6 5.Nc3 Qc7 6.Be2 a6 7.O-O Nf6 8.Be3 Bb4
9.Na4 O-O 10.Nxc6 bxc6 11.Nb6 Rb8 12.Nxc8 Rfxc8 13.Bxa6 Rf8 14.Bd3 Bd6 15.f4 e5
16.f5 Rxb2 17.g4 Qa5 18.g5 Ne8 19.g6 Bc5 20.Qe2 d5 21.gxh7+ Kh8 22.Kh1 dxe4
23.Bxe4 Bxe3 24.Qxe3 Nf6 25.Rad1 Qa4 26.Bd3 e4 27.Rf4 Re8 28.Rg1 Qxa2 29.Be2 Rb1
30.Bd1 Qd5 31.Rff1 Qe5 32.Rxg7 Kxg7 33.Rg1+ Kh8 34.Qg5 Nxh7 35.Qh5 Qd5 36.h4 e3+
37.Kh2 Qd2+ 38.Be2 Rxg1 39.Kxg1 Qe1+ 40.Kh2 Qf2+  0-1

[Event "Paris AECE"]
[Site "Paris"]
[Date "1989.??.??"]
[Round "5"]
[White "Pira, Davoud"]
[Black "Plachetka, Jan"]
[Result "1/2-1/2"]
[WhiteElo "2355"]
[BlackElo "2450"]

1.e4 c5 2.Nf3 e6 3.d4 cxd4 4.Nxd4 Nc6 5.Nc3 Qc7 6.g3 a6 7.Bg2 d6 8.O-O Be7
9.Re1 Rb8 10.Nxc6 bxc6 11.e5 d5 12.Na4 c5 13.c4 d4 14.b3 h5 15.h4 g6 16.Nb2 Nh6
17.Bxh6 Rxh6 18.Nd3 Kf8 19.f4 Kg7 20.Kf2 Rh8 21.Rh1 a5 22.a4 Bd7 23.Rb1 Rb6
24.Ra1 Bc6 25.Bxc6 Qxc6 26.Re1 Rhb8 27.Ra3 Qb7 28.Nc1 Rb4 29.Ra2 Rd8  1/2-1/2

[Event "World op"]
[Site "Philadelphia"]
[Date "1989.??.??"]
[Round "4"]
[White "Sahu, Sekhar Chandra"]
[Black "Metrick, Andrew"]
[Result "1-0"]
[WhiteElo "2260"]
[BlackElo "2240"]

1.e4 c5 2.Nf3 e6 3.d4 cxd4 4.Nxd4 Nc6 5.Nc3 Qc7 6.g3 a6 7.Bg2 Nf6 8.O-O Be7
9.Be3 O-O 10.h3 d6 11.g4 Ne5 12.g5 Nfd7 13.Nce2 Nc4 14.Bc1 b5 15.Nf4 Nc5
16.Nh5 Bb7 17.b3 Nb6 18.Re1 Rfd8 19.Qg4 Bf8 20.Bb2 e5 21.Nf5 Ne6 22.Re2 a5
23.Rae1 a4 24.Bc1 Kh8 25.Qh4 axb3 26.cxb3 Nd4 27.Nxd4 exd4 28.Nf4 g6 29.Nd5 Qc5
30.Nf6 h6 31.gxh6 Be7 32.Bg5 d3 33.Rd2 Qe5 34.Nh7 Bxg5 35.Nxg5 Qe7 36.Rxd3 f6
37.Nf3 Rxa2 38.Nd4 b4 39.Rf3 Nd7 40.Rg3 Kh7 41.Nf5 Qf8 42.Rc1 Nc5 43.Qg4 gxf5
44.Qxf5+ Kh8 45.Rg7 Qxg7 46.hxg7+ Kg8 47.e5 Bxg2 48.Qxf6  1-0

[Event "Podolsk GMA-qual"]
[Site "Podolsk"]
[Date "1989.??.??"]
[Round "?"]
[White "Minasian, Artashes"]
[Black "Frolov, Artur"]
[Result "1/2-1/2"]
[WhiteElo "2485"]
[BlackElo "2460"]

1.e4 c5 2.Nf3 Nc6 3.Nc3 e6 4.d4 cxd4 5.Nxd4 d6 6.Bc4 Nxd4 7.Qxd4 Ne7 8.Bg5 Nc6
9.Qd2 Qd7 10.O-O-O a6 11.Rhe1 b5 12.Bb3 Rb8 13.f4 b4 14.Ne2 Na5 15.f5 Nxb3+
16.axb3 e5 17.f6 gxf6 18.Bh6 Be7 19.Ng3 Rg8  1/2-1/2

[Event "Porz op23"]
[Site "Porz"]
[Date "1989.??.??"]
[Round "8"]
[White "Begnis, Nikolaos"]
[Black "Saltaev, Mihail"]
[Result "1/2-1/2"]
[WhiteElo "2245"]
[BlackElo "2400"]

1.e4 c5 2.Nf3 Nc6 3.d4 cxd4 4.Nxd4 e6 5.Nc3 d6 6.Be3 Nf6 7.Qd2 a6 8.f3 Qc7
9.O-O-O b5 10.Nxc6 Qxc6 11.e5 b4 12.Ne4 Nd5 13.exd6 Bxd6 14.Nxd6+ Qxd6 15.Bc4 Bb7
16.Bd4 f6 17.Rhe1 O-O 18.Re4 Rac8 19.Bf2 a5 20.Bg3 Qd7 21.Qe2 Rfe8 22.f4 Kh8
23.f5 exf5 24.Rxe8+ Rxe8 25.Qf3 Rd8 26.Bf2 Qe6 27.Qe2 Qxe2 28.Bxe2 g5 29.Bc4 Rd7
30.g3 Bc6 31.Bxd5 Bxd5 32.b3 Kg7 33.Bb6 Rb7 34.Rxd5 Rxb6 35.Rxa5 Kg6 36.a3 h5
37.axb4 Rxb4 38.Kd2 f4 39.Ke2 g4 40.gxf4 Rxf4 41.Rd5 h4 42.Rd3 Re4+ 43.Kf2 Rf4+
44.Ke2 Re4+ 45.Kf2  1/2-1/2

[Event "Bohemians"]
[Site "Prague"]
[Date "1989.??.??"]
[Round "?"]
[White "Brunner, Lucas"]
[Black "Hansen, Curt"]
[Result "1/2-1/2"]
[WhiteElo "2425"]
[BlackElo "2545"]

1.e4 c5 2.Nf3 e6 3.d4 cxd4 4.Nxd4 Nc6 5.Nc3 Qc7 6.g3 a6 7.Bg2 Nf6 8.O-O d6
9.Re1 Be7 10.Nxc6 bxc6 11.e5 dxe5 12.Rxe5 O-O 13.Bf4 Qb7 14.Re3 Nd5 15.Nxd5  1/2-1/2